பெண் என்றால் என்ன? = ගැහැණු ළමයා යනු කවරෙක් ද ? = ஆண் என்றால் என்ன? = පිරිමි ළමයා යනු කවරෙක්ද? (Record no. 4487)

MARC details
000 -LEADER
fixed length control field 01136nam a22001937a 4500
003 - CONTROL NUMBER IDENTIFIER
control field LK-CoMWRAF
005 - DATE AND TIME OF LATEST TRANSACTION
control field 20240118100804.0
008 - FIXED-LENGTH DATA ELEMENTS--GENERAL INFORMATION
fixed length control field 231215b |||||||| |||| 00| 0 eng d
020 ## - INTERNATIONAL STANDARD BOOK NUMBER
International Standard Book Number 9559102338
040 ## - CATALOGING SOURCE
Original cataloging agency LK-CoMWRAF
Modifying agency LK-CoMWRAF
Description conventions LK-CoMWRAF
041 ## - LANGUAGE CODE
Language code of text/sound track or separate title Tamil
-- Sinhala; Sinhalese
082 ## - DEWEY DECIMAL CLASSIFICATION NUMBER
Classification number 305.23
Item number BHA
942 ## - ADDED ENTRY ELEMENTS (KOHA)
Koha item type Books
100 ## - MAIN ENTRY--PERSONAL NAME
Personal name பாசின், கம்லா = භාසින්, කමිලා
700 ## - ADDED ENTRY--PERSONAL NAME
Personal name தோபர், பிந்தியா = තෝපර්, බින්දියා
Relator Term illustrator
245 ## - TITLE STATEMENT
Title பெண் என்றால் என்ன? = ගැහැණු ළමයා යනු කවරෙක් ද ? = ஆண் என்றால் என்ன? = පිරිමි ළමයා යනු කවරෙක්ද?
246 ## - VARYING FORM OF TITLE
Title proper/short title Peṇ eṉṟāl eṉṉa? = Gahanu lamaya yanu kawarekda? = Maṉitaṉ eṉṟāl eṉṉa? = Pirimi ,amaya yanu kawarekda?
260 ## - PUBLICATION, DISTRIBUTION, ETC. (IMPRINT)
Place of publication, distribution, etc. கொழும்பு = කොළඹ :
Name of publisher, distributor, etc. சமூகவியலாளர்கள் சங்கம், கொழும்பு = සමාජ විද්‍යාඥයින්ගේ සංගමය,
Date of publication, distribution, etc. 2003
Holdings
Withdrawn status Lost status Damaged status Not for loan Permanent Location Current Location Date acquired Full call number Barcode Koha item type
        Resource center, Muslim Women's Research And Action Forum Resource center, Muslim Women's Research And Action Forum 2023-12-15 305.23 BHA RAF4873 Books
        Resource center, Muslim Women's Research And Action Forum Resource center, Muslim Women's Research And Action Forum 2023-12-15 305.23 BHA RAF4874 Books
        Resource center, Muslim Women's Research And Action Forum Resource center, Muslim Women's Research And Action Forum 2023-12-15 305.23 BHA RAF4875 Books

Copyright © 2023 Muslim Women's Research and Action Forum (MWRAF), No 27/3, Anderson Road, Kalubowila, Dehiwela. Funded by The Asia Fundation